000 00658nam a2200265Ia 4500
005 20260121170619.0
008 008 260114s9999 xx 000 0 eng d
020 _a9789811301858
037 _aEBOOK
040 _aCRL
040 _beng
040 _cCRL
041 _2eng
041 _aeng
084 _qCRL
100 _aDavid W.F. Huang, Michael Reilly
_91066044
245 4 _aThe Implications of Brexit for East Asia
260 _bSpringer
260 _bSpringer
260 _c2018
856 _uhttps://link.springer.com/openurl?genre=book&isbn=978-981-13-0185-8
942 _cEBOOK
999 _c1631774
_d1631774